000 01297nam a2200349 i 4500
003 EG-GICUC
005 20260121101721.0
008 260113s2004 ua ||||fr|||| 001 0 ara d
017 _a2004/3466
020 _a9775566843
040 _a EG-GICUC
_bara
_c EG-GICUC
_d EG-GICUC
_erda
041 _aara
082 0 4 _a343.421
_bع م . م
_221
092 0 4 _221
099 _aLaw1 10 343.421 ع م . م ed 2 - 2004 1006415
100 0 _aعمر محمد بن يونس.
_eمؤلف.
245 1 2 _aالمخدرات والمؤثرات العقلية عبر الإنترنت /
_cعمر محمد بن يونس.
250 _aالطبعة الثانية،
264 1 _aالقاهرة :
_bدار النهضة العربية،
_c2004.
300 _a154 صفحة ؛
_c24 سم.
336 _2rda content
_atext
337 _2rda media
_aComputer
338 _2rda carrier
_aOnline Resource
504 _aيشتمل على ارجاعات ببليوجرافية.
546 _aالنص باللغة العربية
650 1 _a التشريعات المتعلقة بالمخدرات.
_2qrmak
650 1 _aالتشريعات الجنائية الخاصة.
_2qrmak
651 1 _2qrmak
856 4 0 _uhttps://fll.law.cu.edu.eg/fulltext/bks/B10-06415.pdf
905 _a18
942 _2ddc
_n0
_cBK
_e21
999 _c56676
_d56676